| 000 | 01154 a2200169 4500 | ||
|---|---|---|---|
| 003 | NUST | ||
| 005 | 20221224112224.0 | ||
| 040 | _cNust | ||
| 082 | _a355.02,CAL | ||
| 100 |
_aCallwell.C.E.SIr _9105796 |
||
| 245 |
_aThe Dardanelles / _cMaj Gen. Sir C.E Callweli |
||
| 260 |
_aLondon _bConstable and Co _cc1924 |
||
| 300 | _a361:p. | ||
| 505 | _aThe Initiation of The Campaign (Page-1), The Naval Attempt to Force The Dardanelles (Page-14), The Organization of the Military Expedition (Page-27), The Military Problem Presented the Dardanelles (Page-38), The Landing (Page-58), The Consolidation at Helles and Anzac (Page-106), The General Strategical Situation Produced by the Landings (Page-132), The First Three Months at Helles (page-147), The First Three Months at Anzac (Page-166), Possibilities of Success (Page-182), The Great Effort of Early August (page-192), The Close of The August Offensive (Page-241) The Three Autumn Months (page-256),The Evacuation of Anzac and Suvla (Page-276), The Evacuation of Helles (Page-305), Some Outstanding Lesson of The Campaign (Page-332). | ||
| 650 |
_aThe Dardanelles _9105797 |
||
| 942 |
_2ddc _cBK _k355.02,CAL |
||
| 999 |
_c185260 _d185260 |
||